[Event "Regular Quad, S40469"]
[Site "CCLA"]
[Date "2014.12.29"]
[Round "?"]
[White "Martindale, Roger"]
[Black "Acosta, Errol"]
[Result "0-1"]
[WhiteElo "1209"]
[BlackElo "1365"]

1. e4 c5 2. c4 d6 3. d3 Nf6 4. h3 e5 5. Nc3 Nc6 6. Nf3 Be7 7. Be2 O-O 8. 
O-O Nd4 9. Nxd4 cxd4 10. Nd5 Nxd5 11. cxd5 f5 12. f4 exf4 13. Bxf4 Bg5 14.
 Qa4 Bxf4 15. Rxf4 Qg5 16. Raf1 b5 17. Qxd4 g6 18. Qf2 a5 19. h4 Qe7 20. 
exf5 Bxf5 21. g4 Rae8 22. gxf5 Qxe2 23. f6 Rf7 24. a3 Qxd3 25. h5 Qxd5 26.
 hxg6 Qg5+ 27. Qg2 Qxg2+ 28. Kxg2 hxg6 29. Rd1 Re2+ 30. Kf3 Re6 31. Rdd4 
Rexf6 32. b4 Rxf4+ 33. Rxf4 Rxf4+ 34. Kxf4 axb4 35. axb4 Kg7 36. Kf3 Kf6 
37. Kf4 d5 0-1

[Event "Regular Quad, S40349"]
[Site "CCLA"]
[Date "2014.10.13"]
[Round "?"]
[White "Gunning, Edward E."]
[Black "Haase, F. Philip"]
[Result "0-1"]
[WhiteElo "1350"]
[BlackElo "1304"]

1. e4 c5 2. Bc4 e6 3. Nc3 Nc6 4. d3 Nf6 5. Nf3 d6 6. O-O d5 7. exd5 Nxd5 
8. Bxd5 exd5 9. Re1+ Be6 10. Ng5 Nd4 11. Be3 Be7 12. f4 O-O 13. Qh5 Bxg5 
14. Bxd4 cxd4 15. Ne2 Bh4 16. g3 Bf6 17. f5 g6 18. fxg6 fxg6 19. Qf3 Be5 
20. Nf4 Qd6 21. Rf1 Bxf4 22. gxf4 Rac8 23. Qf2 Bh3 24. Rfe1 Rxf4 25. Qg3 
Rg4 0-1

[Event "Regular Quad, S40359"]
[Site "CCLA"]
[Date "2014.10.20"]
[Round "?"]
[White "Martindale, Roger"]
[Black "Eife, Gunter"]
[Result "1/2-1/2"]
[WhiteElo "1209"]
[BlackElo "1448"]

1. e4 c5 2. c4 Nc6 3. Nc3 e5 4. Nf3 d6 5. h3 g6 6. Be2 Bg7 7. Nd5 Nf6 8. 
d3 O-O 9. Be3 Nxd5 10. cxd5 Nd4 11. Nxd4 exd4 12. Bf4 f5 13. O-O fxe4 14. 
Qd2 exd3 15. Bxd3 Bf5 16. Bxf5 Rxf5 17. Rfe1 Qd7 18. h4 Raf8 19. g3 Rxd5 
20. b3 Be5 21. Bh6 Bg7 1/2-1/2

[Event "Regular Quad, S40329"]
[Site "CCLA"]
[Date "2014.09.26"]
[Round "?"]
[White "Acosta, Errol"]
[Black "Sullivan, Terry"]
[Result "1-0"]
[WhiteElo "1365"]
[BlackElo "1113"]

1. e4 c5 2. Bc4 e6 3. f4 d5 4. exd5 exd5 5. Bb5+ Bd7 6. Bxd7+ Ke7 7. Bh3 
Nd7 8. Nf3 a5 9. d4 Ngf6 10. Nc3 g6 11. Qe2+ Ne5 12. Qxe5# 1-0

[Event " Herbert W. Gustafson Memorial, S47169"]
[Site "CCLA"]
[Date "2014.10.27"]
[Round "?"]
[White "Gunning, Edward E."]
[Black "Simonson, Jay"]
[Result "1/2-1/2"]
[WhiteElo "1350"]
[BlackElo "1364"]

1. e4 c5 2. Bc4 d6 3. d3 e5 4. Nc3 Be7 5. Nf3 Nf6 6. O-O O-O 7. Nd5 Nxd5 
8. Bxd5 Qd7 9. c3 Qb5 10. h3 h6 11. d4 cxd4 12. cxd4 exd4 13. Nxd4 Qb6 14.
 b3 Bf6 15. Be3 Nc6 16. Nxc6 Qb5 17. Nxa7 Qb4 18. Rc1 Bd7 19. Rc7 Bc6 20. 
Bxc6 bxc6 21. Nxc6 Qb5 22. Bxh6 gxh6 23. Qxd6 Bg5 24. h4 Bd8 25. Qxh6 Ra6 
26. Rc1 Re8 27. Rxf7 Kxf7 28. Nxd8+ Kg8 29. Qd2 Ra8 30. Qh6 Qd7 31. Rc6 
Re7 32. Rg6+ Rg7 33. Rxg7+ Qxg7 34. Qe6+ Kh7 35. Nf7 Qa1+ 36. Kh2 Kg7 37. 
h5 Qc1 38. h6+ Kh7 39. Qf6 Rg8 40. g3 Qd2 41. g4 Rxg4 42. Qh8+ Kg6 43. 
Ne5+ Kh5 44. Nxg4 Qf4+ 45. Kg1 Qxg4+ 46. Kf1 1/2-1/2

[Event "Premier Quad, S40459"]
[Site "CCLA"]
[Date "2014.12.29"]
[Round "?"]
[White "Catania, Duane"]
[Black "Clancey, James"]
[Result "0-1"]
[WhiteElo "1774"]
[BlackElo "2053"]

1. e4 c5 2. f4 g6 3. Nf3 Bg7 4. Bc4 e6 5. a3 Nc6 6. d3 Nge7 7. O-O d5 8. 
exd5 exd5 9. Ba2 O-O 10. Nc3 Nd4 11. Nxd4 Bxd4+ 12. Kh1 Be6 13. Ne2 Bg4 
14. h3 Nf5 15. Kh2 Re8 0-1

[Event "NA Class B Server Championship, S40119"]
[Site "CCLA"]
[Date "2014.04.30"]
[Round "?"]
[White "Laaman, Thomas"]
[Black "Zarges, Ron V."]
[Result "0-1"]
[WhiteElo "1588"]
[BlackElo "1651"]

1. e4 c5 2. f4 Nc6 3. Nf3 e6 4. Bb5 Nge7 5. O-O a6 6. Be2 d5 7. d3 g6 8. 
Qe1 Bg7 9. Qh4 b6 10. Nbd2 Bb7 11. Ng5 h6 12. Ngf3 O-O 13. Rb1 Nb4 14. 
exd5 exd5 15. Ne5 Nxa2 16. Ndf3 Nxc1 17. Rbxc1 Nf5 18. Qxd8 Raxd8 19. Ra1 
Ne3 20. Rfc1 d4 21. h3 Rfe8 22. Kf2 Bxe5 23. fxe5 Bxf3 24. gxf3 Rxe5 25. 
Rxa6 Rg5 26. Rxb6 Rg2+ 27. Ke1 Re8 28. c4 Nf5 29. Rc2 Ng3 30. b4 Nxe2 31. 
bxc5 Ng3+ 32. Kd1 Rg1+ 0-1

[Event "Regular Quad, S40469"]
[Site "CCLA"]
[Date "2014.12.29"]
[Round "?"]
[White "Acosta, Errol"]
[Black "Anderson, Lawrence D."]
[Result "1/2-1/2"]
[WhiteElo "1365"]
[BlackElo "1365"]

1. e4 c5 2. f4 d5 3. e5 Nc6 4. Nf3 Bg4 5. c3 e6 6. Bb5 Qb6 7. Na3 f6 8. 
Ba4 Ne7 9. Bc2 fxe5 10. O-O exf4 11. Qe1 Nd8 12. Ne5 Bf5 13. Rxf4 g6 14. 
d3 Bg7 15. Rb1 Qc7 16. Qf1 O-O 17. Nf3 Nec6 18. g4 e5 19. Nb5 Qb8 20. gxf5
exf4 21. d4 gxf5 22. Ne5 Nxe5 23. dxe5 Bxe5 24. b4 b6 25. Qg2+ Kh8 26. 
Qxd5 Rg8+ 27. Kf2 Rg7 28. Bxf5 a6 29. Na3 Nf7 30. Nc4 Bxc3 31. bxc5 b5 32.
 Be4 Qg8 33. Nd6 Nxd6 34. Qxa8 Qxa8 35. Bxa8 Bd4+ 36. Kf3 Bxc5 37. Bb2 Nc4
38. Bxg7+ Kxg7 39. Rd1 Bd6 40. Ke4 Kf6 41. Bb7 Ke7 42. Bxa6 Na3 43. Rc1 
Ke6 44. Bc8+ Ke7 45. Rg1 Kf6 46. Rc1 Nc4 47. a4 Nd2+ 48. Kd3 Nb3 49. Rc6 
Nc5+ 50. Ke2 Ke5 51. axb5 h5 52. b6 Kd5 53. Rxd6+ Kxd6 54. b7 Nxb7 55. 
Bxb7 Ke5 56. Kf3 Kf5 57. h4 Ke5 1/2-1/2

[Event "Premier Quad, S40339"]
[Site "CCLA"]
[Date "2014.10.13"]
[Round "?"]
[White "Laven, George"]
[Black "Anderson, Clarence"]
[Result "1/2-1/2"]
[WhiteElo "1834"]
[BlackElo "1798"]

1. e4 c5 2. d4 cxd4 3. Bd3 Nc6 4. Nf3 e5 5. c3 dxc3 6. Nxc3 Nf6 7. O-O d6 
8. Nd5 h6 9. Be3 Be6 10. Qb3 Rb8 11. Rac1 Be7 12. Rfd1 O-O 13. h3 Re8 14. 
Nd2 Kh8 15. a3 Qd7 16. Bc4 Na5 17. Nxf6 Bxf6 18. Bxe6 Rxe6 19. Qd5 Nc6 20.
 Nc4 Rd8 21. b3 Qe7 22. Na5 Nxa5 23. Qxa5 b6 24. Qd5 Bg5 25. Bxg5 hxg5 26.
 Rc6 g6 27. Rdc1 Rd7 28. g4 Kg7 29. f3 Qf6 30. Kg2 Ree7 31. Rd1 Re6 32. 
Rdc1 Ree7 33. Rd1 Re6 34. Rdc1 Ree7 35. Rd1 1/2-1/2

[Event "Premier Quad, S40459"]
[Site "CCLA"]
[Date "2014.12.29"]
[Round "?"]
[White "Laven, George"]
[Black "Clancey, James"]
[Result "1/2-1/2"]
[WhiteElo "1834"]
[BlackElo "2053"]

1. e4 c5 2. d4 cxd4 3. c3 d6 4. cxd4 g6 5. Nc3 Bg7 6. Nf3 Nc6 7. d5 Ne5 8.
 Nxe5 Bxe5 9. Be3 Nf6 10. f4 Bxc3+ 11. bxc3 Qc7 12. Bd4 O-O 13. Bd3 e5 14.
 dxe6 fxe6 15. e5 dxe5 16. Bxe5 Qc5 17. Bd4 Qd6 18. Qd2 b6 19. O-O Nd5 20.
 g3 Bb7 21. Be4 Bc6 22. Rfe1 Rac8 23. Rad1 Ba4 24. Rc1 Ne7 25. Qe2 Bc6 26.
 Rcd1 Bxe4 27. Qxe4 Nf5 28. Qxe6+ Qxe6 29. Rxe6 Nxd4 30. cxd4 Rc2 31. d5 
Kf7 32. a3 Rd8 33. Re5 Rd7 34. Rd3 a5 35. Re1 Rb2 36. Red1 1/2-1/2

[Event "Regular Quad, S40309"]
[Site "CCLA"]
[Date "2014.09.15"]
[Round "?"]
[White "Acosta, Errol"]
[Black "Stroup, Jim"]
[Result "0-1"]
[WhiteElo "1365"]
[BlackElo "1768"]

1. e4 c5 2. d4 cxd4 3. c3 Nf6 4. Bd3 dxc3 5. Nxc3 Nc6 6. f4 d6 7. Nf3 g6 
8. O-O Bg7 9. Be3 Ng4 10. Bd2 Qb6+ 11. Kh1 Nf2+ 12. Rxf2 Qxf2 13. Be1 Qxb2
14. Rb1 Bxc3 15. Rxb2 Bxb2 16. Bb5 Bg7 17. e5 dxe5 18. fxe5 O-O 19. Bg3 
Rd8 20. Qc2 Bf5 21. Qc1 Rac8 22. h3 Nxe5 23. Qa3 Nxf3 24. Qxf3 Rc1+ 25. 
Kh2 Rdd1 26. Bf2 Be5+ 27. g3 Rd2 28. Ba4 Bd4 0-1

[Event "Continuous Server Series, S40149"]
[Site "CCLA"]
[Date "2014.05.05"]
[Round "?"]
[White "Lasley, Matthew"]
[Black "Acosta, Errol"]
[Result "1-0"]
[WhiteElo "1514"]
[BlackElo "1365"]

1. e4 c5 2. d4 cxd4 3. c3 dxc3 4. Nxc3 Nc6 5. Nf3 e5 6. Bc4 h6 7. Qb3 Qe7 
8. Nd5 Qd6 9. Nc7+ Qxc7 10. Bxf7+ Ke7 11. Bxg8 Rxg8 12. Qxg8 d6 13. Qc4 
Be6 14. Qc3 Rc8 15. Be3 a6 16. O-O Qd7 17. Rac1 Na7 18. Qb4 Nc6 19. Qb6 
Kf7 20. Rfd1 Be7 21. Rxc6 Rxc6 22. Qa5 Bd8 23. Qd2 Bc7 24. Nxe5+ dxe5 25. 
Qxd7+ Bxd7 26. Rxd7+ Kg6 27. f3 Bb6 28. Bxb6 Rxb6 29. b3 Kf6 30. Kf2 Kg6 
31. Ke3 Rb4 32. Kd3 Kf6 33. Kc3 Rb6 34. Kc4 g5 35. Kd5 Rb5+ 36. Kc4 Rb6 
37. b4 Rc6+ 38. Kb3 b5 39. Rh7 Kg6 40. Re7 Kf6 41. Re8 Kg6 42. Rxe5 Kf6 
43. Rc5 Rb6 44. Kc3 Ke6 45. Kd4 Rd6+ 46. Kc3 Rb6 47. h4 gxh4 48. Rh5 Rc6+ 
49. Kd3 1-0

[Event "Summer Server Series, S40081"]
[Site "CCLA"]
[Date "2014.07.28"]
[Round "?"]
[White "Lasley, Matthew"]
[Black "Acosta, Errol"]
[Result "1/2-1/2"]
[WhiteElo "1514"]
[BlackElo "1365"]

1. e4 c5 2. d4 cxd4 3. c3 dxc3 4. Nxc3 Nc6 5. Nf3 e5 6. Bc4 h6 7. Qb3 d5 
8. Bxd5 Qe7 9. O-O Nd4 10. Bxf7+ Qxf7 11. Qxf7+ Kxf7 12. Nxe5+ Ke8 13. Ng6
Rh7 14. Nxf8 Kxf8 15. Be3 Nc6 16. Bc5+ Nge7 17. Nd5 b6 18. Nc7 bxc5 19. 
Nxa8 Nd4 20. Nc7 g5 21. f3 Nec6 22. Nd5 Rb7 23. b3 Kg7 24. Kf2 Ne5 25. 
Rfd1 g4 26. Rac1 gxf3 27. Rxd4 cxd4 28. Rxc8 fxg2 29. Kxg2 Rf7 30. Rc7 d3 
31. Rxf7+ Kxf7 32. Kf2 Ng4+ 33. Kg3 d2 34. Nc3 Ne3 35. Kf3 d1=Q+ 36. Nxd1 
Nxd1 37. Kf4 Nc3 38. Ke5 Nxa2 39. Kd6 Nc1 40. b4 Nd3 41. b5 Kf6 42. h4 h5 
43. Kc7 Ke5 44. Kb7 a6 45. bxa6 Nc5+ 46. Kb6 Nxa6 47. Kxa6 Kxe4 48. Kb5 
Kf4 49. Kc4 Kg4 50. Kd3 Kxh4 51. Ke2 Kg3 1/2-1/2

[Event "Premier Quad, S40479"]
[Site "CCLA"]
[Date "2014.12.31"]
[Round "?"]
[White "Stevens, Daniel L."]
[Black "Stroup, Jim"]
[Result "0-1"]
[WhiteElo "1771"]
[BlackElo "1768"]

1. e4 c5 2. d4 cxd4 3. c3 dxc3 4. Nxc3 Nc6 5. Nf3 e6 6. Bc4 a6 7. Qe2 Qc7 
8. Nd5 exd5 9. exd5+ Nce7 10. d6 Qxd6 11. Ne5 Nd5 12. Ng6+ Qe6 13. Nxh8 
Ngf6 14. O-O Qxe2 15. Bxe2 Bc5 16. Bc4 d6 17. Be3 Nxe3 18. Bxf7+ Ke7 19. 
fxe3 Bd7 20. Bb3 Rxh8 21. Kh1 Bc6 22. Rf5 Re8 23. h3 Bxe3 24. a4 Be4 25. 
Rff1 d5 26. a5 d4 27. Rfe1 Kd6 28. Ba4 Re5 29. b4 Rg5 30. Ra2 Nd5 0-1

[Event "Premier Quad, S40319"]
[Site "CCLA"]
[Date "2014.09.26"]
[Round "?"]
[White "Laven, George"]
[Black "Stroup, Jim"]
[Result "1/2-1/2"]
[WhiteElo "1834"]
[BlackElo "1768"]

1. e4 c5 2. d4 cxd4 3. c3 dxc3 4. Nxc3 Nc6 5. Nf3 e6 6. Bc4 Bb4 7. O-O Nf6
8. e5 Ng4 9. Qe2 f6 10. exf6 Nxf6 11. Rd1 Qa5 12. Nd5 O-O 13. Nxf6+ Rxf6 
14. a3 Be7 15. Bg5 Rf8 16. Bxe7 Nxe7 17. Rac1 Qb6 18. Re1 a5 19. Qc2 Nc6 
20. Ng5 g6 21. Bd3 Nd4 22. Qd1 Nf5 23. Qd2 d5 24. Qf4 Qd4 25. Qe5 Qxe5 26.
 Rxe5 Nd4 27. Rc7 h6 28. Bxg6 Ra6 29. Bh7+ Kh8 30. Bd3 Rc6 31. Rh7+ Kg8 
32. Rxh6 Rc1+ 33. Bf1 Kg7 34. Rh4 Rf5 35. f4 b6 36. Rxf5 Nxf5 37. Rh7+ Kf6
38. Kf2 Rc2+ 39. Kg1 Rc1 40. Kf2 Rc2+ 41. Kg1 Rc1 42. Kf2 Rc2+ 43. Kg1 Rc1
1/2-1/2

[Event "Regular Quad, S40219"]
[Site "CCLA"]
[Date "2014.07.07"]
[Round "?"]
[White "Laven, George"]
[Black "Stroup, Jim"]
[Result "1/2-1/2"]
[WhiteElo "1834"]
[BlackElo "1768"]

1. e4 c5 2. d4 cxd4 3. c3 dxc3 4. Nxc3 Nc6 5. Nf3 e6 6. Bc4 a6 7. O-O b5 
8. Bb3 Bb7 9. a4 b4 10. Nd5 Na5 11. Bg5 f6 12. Ne5 Bxd5 13. exd5 Nxb3 14. 
dxe6 dxe6 15. Qxb3 Qd5 16. Nc4 fxg5 17. Rad1 Qf5 18. Rfe1 Rd8 19. Ne5 Bd6 
20. Nc6 Rd7 21. Nd4 Qd5 22. Qxd5 Bxh2+ 23. Kxh2 Rxd5 24. Nxe6 Rxd1 25. 
Rxd1 Ke7 26. Nxg5 Nf6 27. Re1+ Kd7 28. Ne6 Re8 29. Nc5+ Kc6 30. Rxe8 Nxe8 
31. Nxa6 b3 32. Kg3 Kb6 33. Nb4 Ka5 34. Nd3 Kxa4 35. f4 Kb5 36. Kf3 Kc4 
37. Ke3 Nf6 38. Ne5+ Kd5 39. Nd3 Ng4+ 40. Kf3 h5 41. g3 Kc4 42. Nc1 Nf6 
43. Ke3 g6 44. Nd3 Ng4+ 45. Ke2 Kd4 46. Nc1 Kc4 47. Nd3 Kd4 48. Nc1 Kc4 
49. Nd3 Kd4 50. Nc1 Kc4 1/2-1/2

[Event "Regular Quad, S40309"]
[Site "CCLA"]
[Date "2014.09.15"]
[Round "?"]
[White "Laven, George"]
[Black "Acosta, Errol"]
[Result "1-0"]
[WhiteElo "1834"]
[BlackElo "1365"]

1. e4 c5 2. d4 cxd4 3. c3 dxc3 4. Nxc3 e6 5. Nf3 Nc6 6. Bc4 d6 7. O-O Nf6 
8. Qe2 Be7 9. Rd1 Bd7 10. Nb5 d5 11. exd5 exd5 12. Bxd5 Nxd5 13. Rxd5 O-O 
14. Qd1 Qb6 15. Be3 Qa5 16. Nc3 Be6 17. Rxa5 Nxa5 18. Nd5 Bxd5 19. Qxd5 
Nc6 20. Ne5 Rad8 21. Nxc6 bxc6 22. Qxc6 Rd6 23. Qc7 Rfd8 24. g3 R6d7 25. 
Qa5 Bf8 26. Qa4 Rb7 27. b3 h6 28. Qg4 Kh8 29. Rd1 Re8 30. Rd7 Rb4 31. Qh5 
Rbe4 32. Qxf7 R4e6 33. Bc5 1-0

[Event "Regular Quad, S40219"]
[Site "CCLA"]
[Date "2014.07.07"]
[Round "?"]
[White "Laven, George"]
[Black "Blankenship, Jerry T."]
[Result "1-0"]
[WhiteElo "1834"]
[BlackElo "1599"]

1. e4 c5 2. d4 cxd4 3. c3 dxc3 4. Nxc3 Nc6 5. Nf3 d6 6. Bc4 e6 7. O-O Be7 
8. Qe2 Nf6 9. Rd1 a6 10. e5 Ng4 11. exd6 Bf6 12. Bf4 Bxc3 13. bxc3 Bd7 14.
 h3 Nf6 15. Rab1 Rb8 16. Bb3 O-O 17. c4 Rc8 18. Ba4 b5 19. cxb5 axb5 20. 
Bxb5 Nd5 21. Bd2 Na7 22. Bd3 Ba4 23. Qe4 1-0

[Event "Winter Server Series, S40021"]
[Site "CCLA"]
[Date "2014.01.27"]
[Round "?"]
[White "Anderson, Clarence"]
[Black "Bapple, Edward C."]
[Result "0-1"]
[WhiteElo "1798"]
[BlackElo "1979"]

1. e4 c5 2. c3 g6 3. d4 cxd4 4. cxd4 d5 5. e5 Bg7 6. Nc3 Nc6 7. Bb5 f6 8. 
exf6 exf6 9. Nge2 Be6 10. O-O Ne7 11. Nf4 Bf7 12. Re1 O-O 13. Ne6 Bxe6 14.
 Rxe6 Qd7 15. Re1 a6 16. Bxc6 Nxc6 17. Na4 Qf7 18. Nc5 Rae8 19. Bf4 Rxe1+ 
20. Qxe1 Nxd4 21. Qd2 f5 22. Rd1 Qe7 23. Be3 Qxc5 24. Bxd4 Bxd4 25. Qxd4 
Qxd4 26. Rxd4 Rd8 27. Kf1 Kf7 28. Ke2 Ke6 29. Kd3 Rc8 30. Rh4 h5 31. Rb4 
b5 32. b3 Kd6 33. a4 Kc5 34. Kc3 Rd8 35. Rd4 b4+ 36. Kd3 Re8 37. Rf4 a5 
38. Rf3 h4 39. h3 Re1 40. g3 hxg3 41. fxg3 Rb1 42. Kc2 Rg1 43. Kd3 Rg2 44.
 Ke3 Rc2 0-1

[Event "Regular Quad, S40359"]
[Site "CCLA"]
[Date "2014.10.20"]
[Round "?"]
[White "Williams, Rufus H."]
[Black "Eife, Gunter"]
[Result "1/2-1/2"]
[WhiteElo "1222"]
[BlackElo "1448"]

1. e4 c5 2. c3 e5 3. d4 cxd4 4. cxd4 exd4 5. Nf3 Nc6 6. Bc4 Be7 7. O-O Nf6
8. Re1 d6 9. Nxd4 O-O 10. Nc3 a6 11. h3 Bd7 12. a3 b5 13. Bd5 Nxd5 14. 
Nxd5 Bf6 15. Nxc6 Bxc6 16. Rb1 Re8 17. Qd3 Rc8 18. Bd2 Bxd5 19. exd5 Rxe1+
20. Bxe1 Be5 21. Bc3 Bxc3 1/2-1/2

[Event "Winter Server Series, S40041"]
[Site "CCLA"]
[Date "2014.01.27"]
[Round "?"]
[White "Simonson, Jay"]
[Black "Acosta, Errol"]
[Result "0-1"]
[WhiteElo "1364"]
[BlackElo "1365"]

1. e4 c5 2. c3 e5 3. Nf3 d6 4. Bc4 h6 5. d4 cxd4 6. cxd4 exd4 7. Nxd4 Nf6 
8. O-O Nc6 9. Bb5 Bd7 10. Nc3 Nxd4 11. Qxd4 Bxb5 12. Nxb5 b6 13. Qc4 Rc8 
14. Qa4 Qd7 15. Rd1 a6 16. Nxd6+ Bxd6 17. Qxd7+ Kxd7 18. Bf4 Nxe4 19. Rd4 
Rc2 20. Rxe4 Bxf4 21. Rxf4 f6 22. b3 Re8 23. g3 Ree2 24. a4 Ke6 25. Rd1 g5
26. Rf3 Ke5 27. Kf1 g4 28. Rf4 Re4 29. Rxe4+ Kxe4 30. Re1+ Kd4 31. Re6 
Rc1+ 32. Kg2 Kc5 33. b4+ Kxb4 34. Rxb6+ Ka5 35. Rxf6 Rc4 36. Rxh6 Rxa4 37.
 Rg6 Kb5 38. Rg5+ Kc6 39. Rg8 Kd7 40. Rb8 Ke6 41. Rb3 Kf5 42. f3 Ra2+ 43. 
Kf1 a5 44. Rb5+ Kg6 45. f4 a4 46. Ke1 a3 47. Kd1 Rxh2 48. Ra5 a2 49. Kc1 
Rg2 50. Ra3 Rxg3 51. Rxa2 Rg1+ 52. Kb2 Rg2+ 53. Kb3 Rxa2 54. Kxa2 Kf5 55. 
Kb2 Kxf4 0-1

[Event "Winter Server Series, S40041"]
[Site "CCLA"]
[Date "2014.01.27"]
[Round "?"]
[White "Smiley, William R."]
[Black "Acosta, Errol"]
[Result "1-0"]
[WhiteElo "1530"]
[BlackElo "1365"]

1. e4 c5 2. c3 Nc6 3. d4 cxd4 4. cxd4 e5 5. d5 Nd4 6. Bd3 Nf6 7. a3 g6 8. 
Nf3 d6 9. Nxd4 exd4 10. Qa4+ Bd7 11. Qxd4 Bg7 12. Nc3 O-O 13. Qb4 Bc8 14. 
Bf4 Ne8 15. O-O a5 16. Qb3 b6 17. Rac1 Ba6 18. Bxa6 Rxa6 19. Nb5 h6 20. 
Rc6 Be5 21. Bxh6 a4 22. Qe3 Nf6 23. Bxf8 Bxh2+ 24. Kh1 Qxf8 25. Qh3 Be5 
26. Rc8 Ne8 27. Nc7 Bxb2 28. Nxe8 b5 29. Nf6+ Kg7 30. Qh7+ Kxf6 31. Rxf8 
Bxa3 32. Qxf7+ 1-0

[Event "Regular Quad, S40379"]
[Site "CCLA"]
[Date "2014.11.10"]
[Round "?"]
[White "Berger, Byron"]
[Black "Acosta, Errol"]
[Result "1-0"]
[WhiteElo "1516"]
[BlackElo "1365"]

1. e4 c5 2. c3 Nc6 3. d4 cxd4 4. cxd4 e6 5. Nf3 Be7 6. Nc3 Nf6 7. e5 Nd5 
8. Bc4 Nxc3 9. bxc3 d5 10. Bd3 O-O 11. O-O f5 12. exf6 Bxf6 13. Re1 Qd6 
14. a4 Rf7 15. Ba3 Qd8 16. Bb2 Na5 17. Rc1 Nc4 18. Bxc4 dxc4 19. Ne5 Bxe5 
20. Rxe5 Qf6 21. Qe2 Bd7 22. Ra1 Bc6 23. f3 b5 24. axb5 Bb7 25. Re1 Re8 
26. d5 Rff8 27. Ba3 Rf7 28. Rxe6 Rxe6 29. dxe6 1-0

[Event "Regular Quad, S40269"]
[Site "CCLA"]
[Date "2014.09.08"]
[Round "?"]
[White "Cantrell, Dennis"]
[Black "Anderson, Lawrence D."]
[Result "0-1"]
[WhiteElo "1200"]
[BlackElo "1365"]

1. e4 c5 2. c3 d5 3. exd5 Nf6 4. d4 cxd4 5. Bc4 Nxd5 6. Nf3 Bg4 7. Bxd5 
Qxd5 8. Qxd4 Bxf3 9. gxf3 Qxd4 10. cxd4 e6 11. Bd2 Bd6 12. Nc3 O-O 13. 
O-O-O Nc6 14. Be3 Rfd8 15. Rd2 Bb4 16. Rhd1 Rd7 17. d5 exd5 18. Rxd5 Rxd5 
19. Nxd5 b6 20. Nxb4 Nxb4 21. a3 Rc8+ 22. Kb1 Na6 23. Rc1 Rxc1+ 24. Kxc1 
Nc5 25. Kc2 f5 26. b3 Kf7 27. b4 Ne6 28. b5 Nc7 29. a4 Nd5 30. Bd4 g6 31. 
Kd3 Ke6 32. Kc4 Kd6 33. h4 Nf4 34. Be3 Ng2 35. Bg5 Kd7 36. Kb4 h5 37. Kc4 
Ne1 38. Kd5 Nxf3 39. Bf6 Nh2 40. Be5 Ng4 41. Bg3 Nf6+ 42. Ke5 Ke7 43. Kf4 
Ne4 44. f3 Nxg3 45. Kxg3 Ke6 46. Kf4 Kf6 47. Kg3 g5 48. f4 g4 49. Kg2 Ke6 
50. Kg3 Kd5 51. Kf2 Kc4 52. Ke3 Kd5 53. Kd3 Kc5 54. Kc3 g3 55. Kb3 g2 56. 
Kc3 g1=Q 57. Kb3 Qd4 58. Ka3 Qb4+ 59. Ka2 Qxa4+ 60. Kb2 Kc4 61. Kb1 Kc3 
62. Kc1 Qc2# 0-1

[Event "Continuous Server Series, S40049"]
[Site "CCLA"]
[Date "2014.02.07"]
[Round "?"]
[White "Kline, John T."]
[Black "Anderson, Lawrence D."]
[Result "1/2-1/2"]
[WhiteElo "1569"]
[BlackElo "1365"]

1. e4 c5 2. c3 d5 3. exd5 Nf6 4. Bb5+ Nbd7 5. c4 a6 6. Bxd7+ Qxd7 7. d4 e6
8. Nf3 exd5 9. O-O dxc4 10. Re1+ Be7 11. Qe2 Qe6 12. Qc2 Qf5 13. Qxc4 Be6 
14. Qa4+ Bd7 15. Qb3 Rb8 16. Re5 Qg6 17. Qe3 Be6 18. Qe2 Nd7 19. d5 Nxe5 
20. Nxe5 Qf6 21. dxe6 Qxe6 22. Nc3 f6 23. Nf3 Qxe2 24. Nxe2 O-O 25. Bf4 
Rbd8 26. Nc3 Rd7 27. a4 b6 28. h4 Rfd8 29. g4 Bd6 30. Be3 b5 31. axb5 axb5
32. Nxb5 Be7 33. Na3 Ra8 34. Rc1 Rc7 35. Nc4 Rca7 36. Kg2 Ra1 37. Rc3 Rd8 
38. Rb3 Ra4 39. Nfd2 1/2-1/2

[Event "NA Class D Server Championship, S40139"]
[Site "CCLA"]
[Date "2014.04.30"]
[Round "?"]
[White "Williams, Rufus H."]
[Black "Simonson, Jay"]
[Result "0-1"]
[WhiteElo "1222"]
[BlackElo "1364"]

1. e4 c5 2. c3 d5 3. e5 Nc6 4. d4 cxd4 5. cxd4 Qb6 6. Nf3 Bf5 7. Nc3 e6 8.
 b3 Be7 9. Bb5 a6 10. Bxc6+ Qxc6 11. Bb2 Bb4 12. O-O Bxc3 13. Bxc3 Qxc3 
14. Qc1 Rc8 15. Qa3 Qc6 16. Rac1 Qd7 17. Rxc8+ Qxc8 18. h3 Ne7 19. Ng5 Qd7
20. Rc1 O-O 21. Qb2 h6 22. Nf3 Qb5 23. h4 Ng6 24. Rc7 Nf4 25. Rc5 Ne2+ 26.
 Kh2 Qd3 27. Rc2 Qxc2 28. Qxc2 Bxc2 29. b4 b5 30. Nd2 Nxd4 31. Kg3 Rc8 0-1

[Event "Open Server Series, S40039"]
[Site "CCLA"]
[Date "2014.01.31"]
[Round "?"]
[White "Smail, John"]
[Black "Capuzzi, Gabriele"]
[Result "0-1"]
[WhiteElo "1836"]
[BlackElo "1775"]

1. e4 c5 2. c3 d5 3. exd5 Qxd5 4. d4 Nc6 5. Nf3 e5 6. Nxe5 Nxe5 7. dxe5 
Qxe5+ 8. Be3 Nf6 9. Na3 Bd7 10. Qb3 O-O-O 11. O-O-O Be7 12. Bc4 Ng4 13. 
Bd5 b6 14. Qc4 Kb8 15. Bf4 Bg5 16. Bxg5 Qxg5+ 17. f4 Qf5 0-1

[Event " Herbert W. Gustafson Memorial, S47169"]
[Site "CCLA"]
[Date "2014.10.27"]
[Round "?"]
[White "Acosta, Errol"]
[Black "Latta, David A."]
[Result "1-0"]
[WhiteElo "1365"]
[BlackElo "1350"]

1. e4 c5 2. c3 Nf6 3. d3 g6 4. f4 d5 5. Nd2 Bg4 6. Ngf3 dxe4 7. dxe4 Bh6 
8. Bb5+ Bd7 9. Bxd7+ Qxd7 10. Ne5 Qe6 11. O-O Bxf4 12. Rxf4 Nc6 13. Nxc6 
bxc6 14. Qf3 O-O 15. Nb3 g5 16. Rxf6 exf6 17. Nxc5 Qd6 18. Be3 Rae8 19. 
Rd1 Qc7 20. Rd7 Qb6 21. Qxf6 Rd8 22. Bd4 Qxc5 23. Qg7# 1-0

[Event "Regular Quad, S40309"]
[Site "CCLA"]
[Date "2014.09.15"]
[Round "?"]
[White "Laven, George"]
[Black "Stroup, Jim"]
[Result "1/2-1/2"]
[WhiteElo "1834"]
[BlackElo "1768"]

1. e4 c5 2. d4 cxd4 3. c3 Nf6 4. e5 Nd5 5. Nf3 Nc6 6. Bc4 Nb6 7. Bb3 g6 8.
 Ng5 e6 9. cxd4 d5 10. Nf3 Bg7 11. O-O O-O 12. Bg5 f6 13. exf6 Bxf6 14. 
Bh6 Rf7 15. Nc3 Bd7 16. Re1 Rc8 17. Rc1 Na5 18. Bc2 Nc6 19. b3 Qe7 20. Bb1
Qb4 21. Be3 Re8 22. a4 Ref8 23. Ne2 Bg7 24. Ng5 Re7 25. f4 Nc8 26. Qd3 
Rfe8 27. Red1 Nd6 28. Nf3 a5 29. Ne5 Ne4 30. Rf1 Nxe5 31. dxe5 b5 32. Qd4 
Qxb3 33. Bc2 Qa3 34. Bxe4 dxe4 35. Nc3 b4 36. Nxe4 Qxa4 37. Nd6 Rb8 38. 
Rc7 Qa2 39. Qa7 Rd8 40. Qb6 Qe2 41. Bc5 Bf8 42. h4 Be8 43. Rf2 Qe1+ 44. 
Kh2 Rxc7 45. Qxc7 Ra8 46. Qb7 Rd8 47. Qa7 a4 48. Qb6 Bxd6 49. exd6 Rd7 50.
 Bxb4 Qe4 51. Qb5 Qd4 52. Bc5 Qd5 53. Qb8 Kf7 54. Rc2 e5 55. Qb4 Rb7 56. 
Rd2 Rxb4 57. Rxd5 Rb7 58. Rxe5 Bc6 59. Re7+ Rxe7 60. dxe7 Ke8 61. Kg3 h5 
62. Kf2 Bd7 63. Ke3 Bb5 64. Kd4 Bc6 65. g3 Bb5 66. Ke5 Bc6 67. Kf6 Be4 68.
 Ba3 Bc2 69. Kg5 Kf7 70. g4 hxg4 71. Kxg4 Bf5+ 72. Kg5 1/2-1/2

[Event "Open Server Series, S40039"]
[Site "CCLA"]
[Date "2014.01.31"]
[Round "?"]
[White "Smail, John"]
[Black "Welch, Kevin"]
[Result "1-0"]
[WhiteElo "1836"]
[BlackElo "1689"]

1. e4 c5 2. c3 Nf6 3. e5 Nd5 4. d4 cxd4 5. cxd4 d6 6. Bc4 Nb6 7. Bb5+ Bd7 
8. e6 fxe6 9. Bd3 g6 10. Qg4 e5 11. Qxg6+ 1-0

[Event "Herbert W Gustafson Memorial, S47129"]
[Site "CCLA"]
[Date "2014.10.27"]
[Round "?"]
[White "Berger, Byron"]
[Black "Miner, David"]
[Result "0-1"]
[WhiteElo "1516"]
[BlackElo "1619"]

1. e4 c5 2. c3 Nf6 3. e5 Nd5 4. d4 cxd4 5. cxd4 d6 6. Nf3 Nc6 7. Bc4 Nb6 
8. Bb3 dxe5 9. d5 Na5 10. Nc3 f6 11. O-O Nxb3 12. Qxb3 e6 13. Rd1 exd5 14.
 Nxd5 Nxd5 15. Rxd5 Qb6 16. Be3 Qxb3 17. axb3 a6 18. Bb6 Be6 19. Rd3 Rc8 
20. Rad1 Bb4 21. Rd8+ Kf7 22. Rxh8 Rxh8 23. Rc1 Re8 24. Ne1 Bxb3 0-1